[Event "Vojvodina Cup-chT"]
[Site "Senta"]
[Date "2025.04.26"]
[Round "3.1"]
[White "Nestorovic, Dejan"]
[Black "Balla, Tamas Kristof"]
[Result "1-0"]
[WhiteElo "2294"]
[BlackElo "2317"]
[PlyCount "109"]
[EventDate "2025.04.24"]
[EventType "team-swiss"]
[EventRounds "5"]
[EventCountry "SRB"]
[SourceTitle "CB18_2025"]
[SourceDate "2025.04.30"]
[SourceVersion "1"]
[SourceVersionDate "2025.04.30"]
[SourceQuality "1"]
[WhiteTeam "Coka Proleter"]
[BlackTeam "Bajsa Lajos Segi"]
[WhiteTeamCountry "SRB"]
[BlackTeamCountry "SRB"]

1. d4 d5 2. c4 e6 3. Nc3 Nf6 4. Bg5 Be7 5. e3 h6 6. Bh4 0-0 7. Nf3 Ne4 8. Bxe7 Qxe7 9. Qc2 Nxc3 10. Qxc3 c6 11. Be2 Nd7 12. 0-0 dxc4 13. Bxc4 c5 14. Bb5 cxd4 15. Qxd4 a6 16. Be2 Nf6 17. Rfd1 Bd7 18. Ne5 Rfd8 19. Bf3 Bb5 20. Qb6 Nd5 21. Bxd5 exd5 22. Qd4 Re8 23. Nd3 Bxd3 24. Rxd3 Rad8 25. Rad1 Rd7 26. h3 Rc8 27. Qg4 Qe6 28. Qa4 Rc6 29. Rd4 Rcd6 30. Qb4 f5 31. Qd2 Qe5 32. a4 Kf7 33. Rc1 Ke7 34. Rc5 Qe6 35. Qb4 Kf7 36. Qb3 Rb6 37. Qa2 Rc6 38. Rc3 Rxc3 39. bxc3 Qc6 40. Qc2 Ke6 41. Rf4 g6 42. Qd3 Rc7 43. g4 Rf7 44. a5 Qc5 45. c4 Qxa5 46. Rd4 Rd7 47. Qb3 Qc5 48. cxd5+ Rxd5 49. gxf5+ gxf5 50. Rh4 Kf6 51. Rxh6+ Kg7 52. Rb6 Rd1+ 53. Kg2 Rd7 54. Qe6 Rf7 55. Qh6+ 1-0

[Event "Budapest SixDays 03 IM-C"]
[Site "Budapest"]
[Date "2025.03.29"]
[Round "9"]
[White "Steiners, Emils"]
[Black "Balla, Tamas Kristof"]
[Result "1/2-1/2"]
[WhiteElo "2165"]
[BlackElo "2320"]
[PlyCount "57"]
[EventDate "2025.03.24"]
[EventType "tourn"]
[EventRounds "9"]
[EventCountry "HUN"]
[SourceTitle "CB14_2025"]
[SourceDate "2024.11.01"]
[SourceVersion "1"]
[SourceVersionDate "2024.11.01"]
[SourceQuality "1"]

1. d4 e6 2. c4 f5 3. g3 Nf6 4. Bg2 d5 5. Nf3 c6 6. b3 Bb4+ 7. Bd2 Bd6 8. 0-0 Ne4 9. Ne1 0-0 10. f4 b6 11. Nf3 Nd7 12. Ne5 Nxe5 13. fxe5 Be7 14. Nc3 Ba6 15. Nxe4 dxe4 16. e3 c5 17. Bc3 cxd4 18. Bxd4 Qc7 19. a4 Bb4 20. Qe2 Rad8 21. Rfd1 Rf7 22. Bb2 Bc5 23. Bd4 Rfd7 24. Qf2 g6 25. Ra2 Bb4 26. Rc2 Bc5 27. Ra2 Bb4 28. Rc2 Bc5 29. Ra2 1/2-1/2

[Event "Titled Tuesday intern op 27th Aug Early"]
[Site "Chess.com INT"]
[Date "2024.08.27"]
[Round "7"]
[White "Balla, Tamas Kristof"]
[Black "Kumaresh, A."]
[Result "1-0"]
[WhiteElo "2302"]
[BlackElo "2064"]
[PlyCount "109"]
[EventDate "2024.08.27"]
[EventType "swiss (blitz)"]
[EventRounds "11"]
[EventCountry "USA"]
[SourceTitle "EXT 2025"]
[Source "ChessBase"]
[SourceDate "2024.10.14"]
[SourceVersion "1"]
[SourceVersionDate "2024.10.14"]
[SourceQuality "1"]

1. Nf3 Nf6 2. b3 g6 3. Bb2 Bg7 4. e3 0-0 5. c4 b6 6. d4 Bb7 7. g3 d5 8. Bg2 dxc4 9. bxc4 c5 10. d5 e6 11. dxe6 Qxd1+ 12. Kxd1 fxe6 13. Ke2 Na6 14. Nbd2 Rad8 15. a3 Ne4 16. Bxg7 Kxg7 17. Nxe4 Bxe4 18. Rad1 Nc7 19. Nh4 Bc2 20. Rc1 Bd3+ 21. Ke1 g5 22. Nf3 Be4 23. Ke2 g4 24. Ne1 Bg6 25. h3 h5 26. hxg4 hxg4 27. Rh4 Kf6 28. f3 gxf3+ 29. Bxf3 Ne8 30. Be4 Nd6 31. Bxg6 Kxg6 32. Nd3 Rh8 33. Rg4+ Kf5 34. Rg7 Rh2+ 35. Kf3 e5 36. e4+ Nxe4 37. Rf7+ Ke6 38. Nxe5 Kxe5 39. Re7+ Kf5 40. Rxe4 Rdd2 41. Rf4+ Kg5 42. Rg4+ Kf5 43. Rf4+ Kg6 44. Rc3 Rhf2+ 45. Kg4 Rxf4+ 46. gxf4 Rd4 47. Kg3 Kf6 48. Kg4 Kg6 49. Re3 Kf6 50. Rc3 Re4 51. Rh3 Rxc4 52. Rh7 Ra4 53. Rh6+ Kg7 54. Rh3 b5 55. Kf5 1-0

[Event "Titled Tuesday intern op 27th Aug Early"]
[Site "Chess.com INT"]
[Date "2024.08.27"]
[Round "4"]
[White "Balla, Tamas Kristof"]
[Black "Topalov, Aleksandar"]
[Result "1-0"]
[WhiteElo "2302"]
[BlackElo "2233"]
[PlyCount "93"]
[EventDate "2024.08.27"]
[EventType "swiss (blitz)"]
[EventRounds "11"]
[EventCountry "USA"]
[SourceTitle "EXT 2025"]
[Source "ChessBase"]
[SourceDate "2024.10.14"]
[SourceVersion "1"]
[SourceVersionDate "2024.10.14"]
[SourceQuality "1"]

1. Nf3 Nf6 2. b3 g6 3. Bb2 Bg7 4. e3 0-0 5. c4 c5 6. Be2 d6 7. 0-0 Nc6 8. d4 cxd4 9. exd4 d5 10. Ne5 Nxe5 11. dxe5 Nd7 12. f4 dxc4 13. Bxc4 Nb6 14. Be2 Bd7 15. Bf3 Bc6 16. Bxc6 bxc6 17. Nc3 Nd5 18. Qf3 e6 19. Ne4 a5 20. Rac1 Qb6+ 21. Qf2 Qxf2+ 22. Rxf2 a4 23. Rxc6 axb3 24. axb3 Rfb8 25. Rf3 Ra2 26. Bd4 Ra3 27. g3 h6 28. Nd6 Raxb3 29. Rxb3 Rxb3 30. Rc8+ Bf8 31. Ne8 Rd3 32. Bf2 Rc3 33. Nf6+ Kg7 34. Rb8 Rc1+ 35. Kg2 Rc2 36. Kf3 Rc3+ 37. Ke4 Rc2 38. Bd4 g5 39. Nxd5 exd5+ 40. Kxd5 gxf4 41. gxf4 Rxh2 42. e6+ Kg6 43. Rxf8 fxe6+ 44. Kxe6 Re2+ 45. Be5 h5 46. f5+ Kh7 47. Rh8# 1-0

[Event "Titled Tuesday intern op 30th Jul Late"]
[Site "Chess.com INT"]
[Date "2024.07.30"]
[Round "11"]
[White "Balla, Tamas Kristof"]
[Black "Bochnicka, Vladimir1"]
[Result "1-0"]
[WhiteElo "2302"]
[BlackElo "2376"]
[PlyCount "87"]
[EventDate "2024.07.30"]
[EventType "swiss (blitz)"]
[EventRounds "11"]
[EventCountry "USA"]
[SourceTitle "EXT 2025"]
[Source "ChessBase"]
[SourceDate "2024.10.14"]
[SourceVersion "1"]
[SourceVersionDate "2024.10.14"]
[SourceQuality "1"]

1. Nf3 c5 2. b3 Nc6 3. Bb2 d6 4. e3 Nf6 5. d4 Bg4 6. Be2 g6 7. d5 Nb8 8. h3 Bd7 9. c4 Bg7 10. 0-0 0-0 11. Nbd2 Na6 12. e4 Nc7 13. Qc2 a6 14. a4 b5 15. axb5 axb5 16. Rxa8 Qxa8 17. Bd3 Qb7 18. e5 Nfe8 19. exd6 exd6 20. Bxg7 Nxg7 21. Ne4 Bf5 22. Nxd6 Bxd3 23. Qxd3 bxc4 24. bxc4 Qa6 25. Ne4 Qa5 26. d6 Nce6 27. Ne5 Nf5 28. d7 Nfd4 29. Nf6+ Kg7 30. Nd5 Rd8 31. Ne7 Qc7 32. Qe4 f6 33. Nd3 Rxd7 34. Nd5 Qa5 35. f4 Qd2 36. f5 gxf5 37. Rxf5 Nxf5 38. Qxf5 Qd1+ 39. Kh2 Qe2 40. Qxf6+ Kg8 41. Ne5 Rd6 42. Qf7+ Kh8 43. Qe8+ Kg7 44. Qe7+ 1-0

[Event "Titled Tuesday intern op 30th Jul Early"]
[Site "Chess.com INT"]
[Date "2024.07.30"]
[Round "9"]
[White "Balla, Tamas Kristof"]
[Black "Piesik, Piotr"]
[Result "0-1"]
[WhiteElo "2302"]
[BlackElo "2415"]
[PlyCount "74"]
[EventDate "2024.07.30"]
[EventType "swiss (blitz)"]
[EventRounds "11"]
[EventCountry "USA"]
[SourceTitle "EXT 2025"]
[Source "ChessBase"]
[SourceDate "2024.10.14"]
[SourceVersion "1"]
[SourceVersionDate "2024.10.14"]
[SourceQuality "1"]

1. e4 g6 2. d4 Bg7 3. Nc3 c6 4. f4 d5 5. e5 Nh6 6. Nf3 Bg4 7. Bd3 Nf5 8. Bxf5 gxf5 9. Be3 e6 10. h3 Bxf3 11. Qxf3 h5 12. g3 Bf8 13. 0-0-0 Qa5 14. Kb1 Nd7 15. g4 hxg4 16. hxg4 Rxh1 17. Rxh1 fxg4 18. Qxg4 0-0-0 19. f5 Bb4 20. Ne2 Bd2 21. Bxd2 Qxd2 22. Ng3 Kb8 23. fxe6 fxe6 24. Qxe6 Nb6 25. Nf5 Nc4 26. b3 Na3+ 27. Kb2 Nxc2 28. Qe7 Nxd4+ 29. Kb1 Qc2+ 30. Ka1 Qc3+ 31. Kb1 Rg8 32. Qd6+ Ka8 33. Qg6 Qd3+ 34. Ka1 Rb8 35. Rh5 Qc3+ 36. Kb1 Qc2+ 37. Ka1 Qc1# 0-1

[Event "Titled Tuesday intern op 30th Jul Early"]
[Site "Chess.com INT"]
[Date "2024.07.30"]
[Round "8"]
[White "Manon Og, Ramon Jr"]
[Black "Balla, Tamas Kristof"]
[Result "0-1"]
[WhiteElo "1960"]
[BlackElo "2302"]
[PlyCount "72"]
[EventDate "2024.07.30"]
[EventType "swiss (blitz)"]
[EventRounds "11"]
[EventCountry "USA"]
[SourceTitle "EXT 2025"]
[Source "ChessBase"]
[SourceDate "2024.10.14"]
[SourceVersion "1"]
[SourceVersionDate "2024.10.14"]
[SourceQuality "1"]

1. e4 c5 2. Nf3 Nc6 3. Bb5 Nf6 4. Nc3 Nd4 5. Bc4 e6 6. 0-0 d5 7. exd5 exd5 8. Re1+ Be7 9. Nxd4 cxd4 10. Bb5+ Bd7 11. Bxd7+ Qxd7 12. Ne2 d3 13. cxd3 0-0 14. Nc3 d4 15. Ne4 Nxe4 16. dxe4 d3 17. Qb3 Rac8 18. h3 Bc5 19. Qd1 Bb6 20. Qf3 Rc2 21. b3 Rfc8 22. a4 Qd4 23. Rb1 Ba5 24. e5 h6 25. Qxb7 R8c6 26. b4 Bb6 27. Rf1 Qxe5 28. a5 Bxf2+ 29. Kh1 Rf6 30. Qd7 Bd4 31. Ba3 Rxd2 32. Rfe1 Qg3 33. Qc8+ Kh7 34. Qb7 Rff2 35. Rg1 Qxh3+ 36. gxh3 Rh2# 0-1

[Event "Titled Tuesday intern op 30th Jul Late"]
[Site "Chess.com INT"]
[Date "2024.07.30"]
[Round "7"]
[White "Saveliev, Alexei"]
[Black "Balla, Tamas Kristof"]
[Result "1/2-1/2"]
[WhiteElo "2348"]
[BlackElo "2302"]
[PlyCount "157"]
[EventDate "2024.07.30"]
[EventType "swiss (blitz)"]
[EventRounds "11"]
[EventCountry "USA"]
[SourceTitle "EXT 2025"]
[Source "ChessBase"]
[SourceDate "2024.10.14"]
[SourceVersion "1"]
[SourceVersionDate "2024.10.14"]
[SourceQuality "1"]

1. c4 c5 2. e3 Nf6 3. d4 cxd4 4. exd4 d5 5. cxd5 Nxd5 6. Nf3 Nc6 7. Be2 g6 8. 0-0 Bg7 9. Nc3 0-0 10. Be3 Bg4 11. Rc1 e6 12. h3 Nxc3 13. bxc3 Bf5 14. Nd2 e5 15. Nb3 exd4 16. cxd4 Nb4 17. Qd2 Nd5 18. Bf3 b6 19. Bh6 Be6 20. Rfe1 Rc8 21. Bxg7 Kxg7 22. Qe2 Qf6 23. Qa6 Rxc1 24. Rxc1 Nf4 25. d5 Bxd5 26. Bxd5 Nxd5 27. Qxa7 Nf4 28. Kh2 Ne2 29. Rf1 Rc8 30. Qd7 Rc2 31. Qg4 Rxa2 32. f4 h5 33. Qf3 Nc3 34. Nc1 Rc2 35. Nd3 Nb5 36. Ne5 Nd4 37. Qd3 Qd6 38. Rd1 Qd5 39. Qg3 Qc5 40. Nf3 Nf5 41. Qe1 Qc7 42. Qe5+ Qxe5 43. Nxe5 Ne3 44. Rd7 Rxg2+ 45. Kh1 Rf2 46. Rxf7+ Kg8 47. Rf6 Nf5 48. Rxg6+ Kh7 49. Rxb6 h4 50. Kg1 Rxf4 51. Ng4 Ng3 52. Kg2 Rc4 53. Rb7+ Kg8 54. Rb8+ Kh7 55. Rb7+ Kg8 56. Nf6+ Kf8 57. Rh7 Rc2+ 58. Kf3 Rc6 59. Ng4 Rc3+ 60. Kf4 Ne2+ 61. Ke5 Rxh3 62. Nf6 Rg3 63. Ke6 Re3+ 64. Kf5 Rg3 65. Ke6 Re3+ 66. Kf5 Rg3 67. Ne4 Rf3+ 68. Ke6 Re3 69. Kf5 Ng3+ 70. Nxg3 hxg3 71. Rh4 Rf3+ 72. Ke4 g2 73. Rg4 Rf2 74. Ke3 Ra2 75. Kf3 Kf7 76. Rf4+ Kg6 77. Rg4+ Kh5 78. Rxg2 Rxg2 79. Kxg2 1/2-1/2

[Event "Titled Tuesday intern op 16th Jul Early"]
[Site "Chess.com INT"]
[Date "2024.07.16"]
[Round "3"]
[White "Balla, Tamas Kristof"]
[Black "Adam, Ernestina"]
[Result "1-0"]
[WhiteElo "2302"]
[BlackElo "2055"]
[PlyCount "129"]
[EventDate "2024.07.16"]
[EventType "swiss (blitz)"]
[EventRounds "11"]
[EventCountry "USA"]
[SourceTitle "EXT 2025"]
[Source "ChessBase"]
[SourceDate "2024.10.14"]
[SourceVersion "1"]
[SourceVersionDate "2024.10.14"]
[SourceQuality "1"]

1. e4 g6 2. d4 Bg7 3. Nc3 d6 4. f4 c6 5. Nf3 Nf6 6. Bd3 b5 7. a3 0-0 8. 0-0 a6 9. e5 Nd5 10. Nxd5 cxd5 11. c3 Nc6 12. Qe2 Na5 13. Be3 Nc4 14. b3 Nxe3 15. Qxe3 Bg4 16. a4 bxa4 17. Rxa4 Qb6 18. Bc2 Rfc8 19. Rfa1 Qc6 20. c4 dxc4 21. bxc4 dxe5 22. fxe5 e6 23. Be4 Qb6 24. Bxa8 Rxa8 25. c5 Qc6 26. d5 exd5 27. Rxg4 Bf8 28. Rc1 a5 29. Nd4 Bxc5 30. Qc3 Bxd4+ 31. Rxd4 Qb6 32. Kh1 a4 33. Rb4 Qf2 34. e6 a3 35. exf7+ Qxf7 36. Ra1 a2 37. Rb2 Qa7 38. Rbxa2 Qxa2 39. Rxa2 Rxa2 40. h3 Rf2 41. Qe5 Rf5 42. Qe6+ Kg7 43. g4 Rf1+ 44. Kg2 Rf6 45. Qxd5 Rf7 46. Qe5+ Kg8 47. Kg3 Rf8 48. Kh4 h6 49. Qe6+ Kg7 50. Kg3 Rf6 51. Qe5 Kf7 52. h4 Re6 53. Qf4+ Rf6 54. Qxh6 Ke6 55. Qe3+ Kf7 56. h5 gxh5 57. gxh5 Kg7 58. Kg4 Rf7 59. Kg5 Rd7 60. Qe5+ Kf8 61. h6 Rf7 62. Qb8+ Ke7 63. h7 Rg7+ 64. Kh6 Kf7 65. Qb7+ 1-0

[Event "Titled Tuesday intern op 09th Jul Early"]
[Site "Chess.com INT"]
[Date "2024.07.09"]
[Round "6"]
[White "Bykov, Egor"]
[Black "Balla, Tamas Kristof"]
[Result "1-0"]
[WhiteElo "2424"]
[BlackElo "2302"]
[PlyCount "39"]
[EventDate "2024.07.09"]
[EventType "swiss (blitz)"]
[EventRounds "11"]
[EventCountry "USA"]
[SourceTitle "EXT 2025"]
[Source "ChessBase"]
[SourceDate "2024.10.14"]
[SourceVersion "1"]
[SourceVersionDate "2024.10.14"]
[SourceQuality "1"]

1. Nf3 c5 2. g3 d5 3. Bg2 Nc6 4. c3 Nf6 5. d4 cxd4 6. cxd4 g6 7. Nc3 Bg7 8. 0-0 0-0 9. Ne5 Be6 10. Nxc6 bxc6 11. Na4 Bf5 12. b3 Re8 13. Bf4 Nd7 14. Rc1 e5 15. dxe5 Nxe5 16. Bxe5 Rxe5 17. Rxc6 Qe8 18. Rc7 Rxe2 19. Bxd5 Re7 20. Rxe7 1-0

[Event "Titled Tuesday intern op 11th Jun Early"]
[Site "Chess.com INT"]
[Date "2024.06.11"]
[Round "5"]
[White "Balla, Tamas Kristof"]
[Black "Tokhirjonova, Gulruhbegim"]
[Result "1-0"]
[WhiteElo "2296"]
[BlackElo "2369"]
[PlyCount "55"]
[EventDate "2024.06.11"]
[EventType "swiss (blitz)"]
[EventRounds "11"]
[EventCountry "USA"]
[SourceTitle "EXT 2025"]
[Source "ChessBase"]
[SourceDate "2024.10.14"]
[SourceVersion "1"]
[SourceVersionDate "2024.10.14"]
[SourceQuality "1"]

1. Nf3 d5 2. b3 Nf6 3. Bb2 g6 4. e3 Bg7 5. c4 c6 6. Nc3 0-0 7. Be2 Re8 8. 0-0 e5 9. d4 e4 10. Nd2 Be6 11. Re1 Nbd7 12. f3 exf3 13. Bxf3 Nb6 14. Qe2 a5 15. Rad1 a4 16. Qd3 axb3 17. axb3 Nbd7 18. e4 dxe4 19. Ndxe4 Nxe4 20. Nxe4 Ra2 21. d5 Rxb2 22. dxe6 Qb6+ 23. c5 Nxc5 24. exf7+ Kxf7 25. Ng5+ Kf6 26. Qd4+ Kxg5 27. Qg4+ Kf6 28. Qf4# 1-0

[Event "Titled Tuesday intern op 11th Jun Early"]
[Site "Chess.com INT"]
[Date "2024.06.11"]
[Round "2"]
[White "Balla, Tamas Kristof"]
[Black "Winkels, Marcel"]
[Result "1-0"]
[WhiteElo "2296"]
[BlackElo "1924"]
[PlyCount "91"]
[EventDate "2024.06.11"]
[EventType "swiss (blitz)"]
[EventRounds "11"]
[EventCountry "USA"]
[SourceTitle "EXT 2025"]
[Source "ChessBase"]
[SourceDate "2024.10.14"]
[SourceVersion "1"]
[SourceVersionDate "2024.10.14"]
[SourceQuality "1"]

1. e4 Nf6 2. e5 Nd5 3. c4 Nb6 4. d4 d6 5. f4 dxe5 6. fxe5 Bf5 7. Nc3 e6 8. Be3 Bb4 9. Nf3 c5 10. Be2 Nc6 11. 0-0 cxd4 12. Nxd4 Nxd4 13. Bxd4 0-0 14. a3 Bxc3 15. Bxc3 Qxd1 16. Raxd1 Rac8 17. b3 Bc2 18. Rc1 Bxb3 19. Bb4 Rfd8 20. c5 Nd5 21. Bf3 Ba4 22. Be4 Bc6 23. Be1 Ne3 24. Bxc6 Rxc6 25. Rf3 Nd5 26. Rb3 b6 27. Bf2 Rdc8 28. Rb5 bxc5 29. Rbxc5 Rxc5 30. Bxc5 h6 31. Kf1 Kh7 32. Ke1 Kg6 33. Kd2 Kf5 34. Rf1+ Kxe5 35. Bxa7 f5 36. Re1+ Kd6 37. Bd4 Ra8 38. Bxg7 h5 39. Ra1 e5 40. Re1 e4 41. Rf1 Ke6 42. Ra1 Ra4 43. Kc2 Nb6 44. Kb3 Ra6 45. Bc3 Nd5 46. Bd4 1-0

[Event "Titled Tuesday intern op 28th May Late"]
[Site "Chess.com INT"]
[Date "2024.05.28"]
[Round "8"]
[White "Balla, Tamas Kristof"]
[Black "Hansen, Sune Berg"]
[Result "0-1"]
[WhiteElo "2295"]
[BlackElo "2513"]
[PlyCount "48"]
[EventDate "2024.05.28"]
[EventType "swiss (blitz)"]
[EventRounds "11"]
[EventCountry "USA"]
[SourceTitle "EXT 2025"]
[Source "ChessBase"]
[SourceDate "2024.10.14"]
[SourceVersion "1"]
[SourceVersionDate "2024.10.14"]
[SourceQuality "1"]

1. e4 e5 2. Nf3 Nc6 3. d4 exd4 4. Nxd4 Qf6 5. c3 Bc5 6. Be3 Nge7 7. Be2 0-0 8. 0-0 d5 9. Nxc6 Qxc6 10. exd5 Nxd5 11. Bxc5 Qxc5 12. Nd2 Nf6 13. Nb3 Qg5 14. Bf3 c6 15. Re1 Bf5 16. Nd4 Bd7 17. Qb3 Rab8 18. Re7 c5 19. Nc2 Be6 20. Qb5 a6 21. Qb6 Nd5 22. Bxd5 Qxe7 23. Re1 Qd8 24. Bxe6 Qxb6 0-1

[Event "Titled Tuesday intern op 28th May Late"]
[Site "Chess.com INT"]
[Date "2024.05.28"]
[Round "1"]
[White "Balla, Tamas Kristof"]
[Black "Haug, Havard"]
[Result "0-1"]
[WhiteElo "2295"]
[BlackElo "2306"]
[PlyCount "62"]
[EventDate "2024.05.28"]
[EventType "swiss (blitz)"]
[EventRounds "11"]
[EventCountry "USA"]
[SourceTitle "EXT 2025"]
[Source "ChessBase"]
[SourceDate "2024.10.14"]
[SourceVersion "1"]
[SourceVersionDate "2024.10.14"]
[SourceQuality "1"]

1. e4 c6 2. d4 d5 3. e5 c5 4. dxc5 e6 5. Be3 Nd7 6. Bb5 Ne7 7. c3 Nf5 8. Bd4 Qc7 9. b4 a5 10. Nf3 Be7 11. 0-0 0-0 12. a3 Nxd4 13. cxd4 axb4 14. Qb3 b6 15. c6 Nb8 16. Nbd2 Nxc6 17. Rfc1 Bb7 18. axb4 Rxa1 19. Rxa1 Nxb4 20. Rb1 Rc8 21. Bf1 Qc2 22. Qa3 Ra8 23. Qe3 h6 24. h3 Ba6 25. Bxa6 Rxa6 26. Re1 Qd3 27. Qf4 Ra8 28. Re3 Qg6 29. Nh4 Qg5 30. Rf3 Qxf4 31. Rxf4 Bg5 0-1

[Event "Titled Tuesday intern op 28th May Late"]
[Site "Chess.com INT"]
[Date "2024.05.28"]
[Round "7"]
[White "Balla, Tamas Kristof"]
[Black "Mizzi, Jack"]
[Result "0-1"]
[WhiteElo "2295"]
[BlackElo "2051"]
[PlyCount "88"]
[EventDate "2024.05.28"]
[EventType "swiss (blitz)"]
[EventRounds "11"]
[EventCountry "USA"]
[SourceTitle "EXT 2025"]
[Source "ChessBase"]
[SourceDate "2024.10.14"]
[SourceVersion "1"]
[SourceVersionDate "2024.10.14"]
[SourceQuality "1"]

1. Nf3 Nf6 2. b3 d5 3. Bb2 c5 4. e3 Nc6 5. Bb5 Bd7 6. 0-0 e6 7. c4 Be7 8. cxd5 exd5 9. d4 0-0 10. dxc5 Bxc5 11. Nc3 a6 12. Be2 Be6 13. Rc1 Bd6 14. Na4 Ne4 15. Nd4 Nxd4 16. Qxd4 f6 17. Qb6 Qe7 18. Rfd1 Rfc8 19. Bf3 Bc7 20. Ba3 Bxb6 21. Bxe7 Ba7 22. h3 Kf7 23. Ba3 b5 24. Nb2 Nc3 25. Re1 Nxa2 26. Rxc8 Rxc8 27. Nd3 a5 28. Nf4 Nc3 29. Bb2 Ne4 30. Rd1 Rc2 31. Bd4 Bb8 32. Nxe6 Kxe6 33. Bxe4 dxe4 34. Bb6 a4 35. bxa4 bxa4 36. Ra1 a3 37. g3 a2 38. Bd4 Kd5 39. Kf1 Kc4 40. Ke1 Kb3 41. h4 Rb2 42. Kd1 Rb1+ 43. Kd2 Rxa1 44. Bxa1 Be5 0-1

[Event "Titled Tuesday intern op 28th May Early"]
[Site "Chess.com INT"]
[Date "2024.05.28"]
[Round "3"]
[White "Balla, Tamas Kristof"]
[Black "Ozates, Tuna"]
[Result "1/2-1/2"]
[WhiteElo "2295"]
[BlackElo "2290"]
[PlyCount "221"]
[EventDate "2024.05.28"]
[EventType "swiss (blitz)"]
[EventRounds "11"]
[EventCountry "USA"]
[SourceTitle "EXT 2025"]
[Source "ChessBase"]
[SourceDate "2024.10.14"]
[SourceVersion "1"]
[SourceVersionDate "2024.10.14"]
[SourceQuality "1"]

1. Nf3 c5 2. b3 d6 3. Bb2 e5 4. e3 Nc6 5. d4 cxd4 6. exd4 e4 7. Nfd2 d5 8. c4 Nf6 9. Nc3 Bd6 10. cxd5 Nb4 11. Bb5+ Kf8 12. Ndxe4 Nxe4 13. Nxe4 Qe7 14. Qe2 Bf5 15. Nxd6 Qxd6 16. 0-0 a6 17. Qf3 g6 18. Be2 h5 19. h3 Nxd5 20. Bc4 Rd8 21. Rfe1 b5 22. Bd3 Bxd3 23. Qxd3 Kg7 24. Rac1 h4 25. Qf3 Rh5 26. Re5 Rxe5 27. dxe5 Qe6 28. Qe4 g5 29. Re1 Nf4 30. Bc1 Nd3 31. Bxg5 Nxf2 32. Bf6+ Kf8 33. Qh7 Nxh3+ 34. gxh3 Qb6+ 35. Kh1 Qc6+ 36. Qe4 Qxe4+ 37. Rxe4 Rd1+ 38. Kg2 Rd2+ 39. Kf3 Rxa2 40. Rxh4 Ke8 41. Rh8+ Kd7 42. Rd8+ Ke6 43. h4 Rb2 44. Rd6+ Kf5 45. Rxa6 Rxb3+ 46. Kg2 Rb2+ 47. Kf1 b4 48. h5 Rh2 49. Rb6 Rxh5 50. Rxb4 Rh2 51. Rb7 Kg6 52. Rb8 Rc2 53. Rg8+ Kf5 54. Rf8 Ke6 55. Re8+ Kf5 56. Bg7 Ra2 57. Bf8 Rb2 58. Bd6 Ra2 59. Re7 Kg6 60. e6 fxe6 61. Rxe6+ Kf5 62. Re8 Kf6 63. Re3 Ra5 64. Bg3 Rf5+ 65. Ke2 Rb5 66. Kf3 Rf5+ 67. Bf4 Rb5 68. Kg4 Rb4 69. Rc3 Rb6 70. Rc5 Rb1 71. Rc6+ Ke7 72. Kf5 Rf1 73. Rc7+ Kd8 74. Rh7 Ke8 75. Ke5 Kf8 76. Bg5 Kg8 77. Rb7 Kf8 78. Bf6 Kg8 79. Ke6 Re1+ 80. Be5 Re2 81. Rb8+ Kh7 82. Rh8+ Kg6 83. Rg8+ Kh7 84. Rg1 Kh6 85. Kf7 Kh5 86. Ke6 Kh4 87. Kf5 Kh3 88. Rh1+ Kg2 89. Rh4 Kf3 90. Rh3+ Kg2 91. Rg3+ Kf2 92. Rb3 Kg2 93. Bf4 Kf2 94. Kg4 Kg2 95. Rg3+ Kf2 96. Rf3+ Kg2 97. Bg3 Re4+ 98. Bf4 Rb4 99. Rd3 Rb2 100. Be5 Re2 101. Rg3+ Kf2 102. Bd4+ Ke1 103. Be3 Kd1 104. Kf4 Kc2 105. Ke4 Rh2 106. Rg1 Rh4+ 107. Bf4 Kc3 108. Rg3+ Kc4 109. Rg2 Rh8 110. Rc2+ Kb3 111. Rc6 1/2-1/2

[Event "Titled Tuesday intern op 28th May Early"]
[Site "Chess.com INT"]
[Date "2024.05.28"]
[Round "4"]
[White "Kleiman, Jake"]
[Black "Balla, Tamas Kristof"]
[Result "1-0"]
[WhiteElo "2399"]
[BlackElo "2295"]
[PlyCount "93"]
[EventDate "2024.05.28"]
[EventType "swiss (blitz)"]
[EventRounds "11"]
[EventCountry "USA"]
[SourceTitle "EXT 2025"]
[Source "ChessBase"]
[SourceDate "2024.10.14"]
[SourceVersion "1"]
[SourceVersionDate "2024.10.14"]
[SourceQuality "1"]

1. e4 c5 2. c3 Nf6 3. e5 Nd5 4. Bc4 Nb6 5. Bb3 Nc6 6. Nf3 d6 7. exd6 Qxd6 8. 0-0 Be6 9. Bxe6 Qxe6 10. a4 Qd7 11. a5 Nd5 12. d4 cxd4 13. Nxd4 e6 14. a6 b6 15. Nxc6 Qxc6 16. Qd4 Be7 17. Qxg7 0-0-0 18. Qxf7 Rhg8 19. g3 Rdf8 20. Qxh7 Bc5 21. Qb7+ Qxb7 22. axb7+ Kxb7 23. Nd2 Rg4 24. Nb3 Bd6 25. Bd2 Nf6 26. Rae1 Ne4 27. Be3 Rfg8 28. Nd2 Nf6 29. Bd4 Nd5 30. Re4 R4g6 31. Rfe1 Re8 32. Nc4 Bc7 33. Ne5 Rh6 34. Nf7 Rh7 35. Ng5 Rh6 36. Nxe6 Rc8 37. Nxc7 Rxc7 38. Re5 Kc6 39. Re6+ Rxe6 40. Rxe6+ Kb5 41. h4 a5 42. h5 Kc4 43. h6 Kb3 44. Bg7 Kxb2 45. h7 a4 46. h8Q a3 47. c4+ 1-0

[Event "Titled Tuesday intern op 28th May Early"]
[Site "Chess.com INT"]
[Date "2024.05.28"]
[Round "7"]
[White "Kuchava, Ana"]
[Black "Balla, Tamas Kristof"]
[Result "1-0"]
[WhiteElo "2101"]
[BlackElo "2295"]
[PlyCount "57"]
[EventDate "2024.05.28"]
[EventType "swiss (blitz)"]
[EventRounds "11"]
[EventCountry "USA"]
[SourceTitle "EXT 2025"]
[Source "ChessBase"]
[SourceDate "2024.10.14"]
[SourceVersion "1"]
[SourceVersionDate "2024.10.14"]
[SourceQuality "1"]

1. d4 d5 2. Nf3 Nf6 3. c4 e6 4. Nc3 c5 5. Bg5 Be7 6. dxc5 Nc6 7. e3 0-0 8. Be2 Bxc5 9. 0-0 Be7 10. cxd5 exd5 11. Bxf6 Bxf6 12. Qxd5 Be6 13. Qxd8 Rfxd8 14. Rfd1 a6 15. h3 h6 16. Kf1 Rac8 17. Ke1 Nb4 18. Rxd8+ Rxd8 19. Rc1 Bxa2 20. Nxa2 Nxa2 21. Rc7 b5 22. b3 Nb4 23. Bd1 Nd3+ 24. Ke2 Nxf2 25. Bc2 Nh1 26. Ra7 Ng3+ 27. Kf2 Rc8 28. Bd3 Rc3 29. Ra8+ 1-0

[Event "Titled Tuesday intern op 28th May Late"]
[Site "Chess.com INT"]
[Date "2024.05.28"]
[Round "3"]
[White "Riff, Vincent"]
[Black "Balla, Tamas Kristof"]
[Result "1-0"]
[WhiteElo "2367"]
[BlackElo "2295"]
[PlyCount "71"]
[EventDate "2024.05.28"]
[EventType "swiss (blitz)"]
[EventRounds "11"]
[EventCountry "USA"]
[SourceTitle "EXT 2025"]
[Source "ChessBase"]
[SourceDate "2024.10.14"]
[SourceVersion "1"]
[SourceVersionDate "2024.10.14"]
[SourceQuality "1"]

1. e4 c5 2. Nf3 Nc6 3. d4 cxd4 4. Nxd4 e5 5. Nb5 d6 6. N1c3 a6 7. Nd5 axb5 8. Be3 Be6 9. Bb6 Qc8 10. Bxb5 Be7 11. Nc7+ Kf8 12. Nxa8 Qxa8 13. 0-0 g6 14. c3 Nf6 15. Re1 Kg7 16. a4 Bd8 17. Be3 Bc7 18. f3 Rd8 19. c4 Qa5 20. Kh1 Bb6 21. Bd2 Qa7 22. b4 Nd4 23. a5 Bc7 24. Be3 Rc8 25. Qd3 Bd8 26. Rad1 Nh5 27. g4 Nf6 28. Kg2 h5 29. g5 Nd7 30. h4 b6 31. Bxd4 exd4 32. Qxd4+ Kh7 33. Qxd6 Rc7 34. axb6 Qxb6 35. Qxb6 Nxb6 36. Rxd8 1-0